Word Ladder: Where Are You Going!? Quiz Stats

 Plays Quiz Updated Nov 2, 2012

Challenge
Share
Tweet
Embed
Score 0/64 Timer 06:00
0 Plays Today
Clue Word % Correct
A good place to start, where you live!HOME
98.2%
An actor's partROLE
86%
♥ Ashes to ashes, ____ to ____♥ DUST ♥
85.4%
One of seven deadly sinsLUST
84.9%
A common seabirdGULL
84.8%
♥ A course where Tiger Woods might enjoy 18 holes! ♥♥ GOLF ♥
83.6%
A schedule of itemsLIST
83.6%
What a solid has to do to become a liquidMELT
83.5%
Stop!HALT
83%
♥ USA's space organisation ♥♥ NASA ♥
81.9%
Stones or bladder?GALL
81.2%
Sculpture of head, chest or arrest?BUST
80.5%
Used in brewing and distilling to produce whiskyMALT
80.4%
One of a pair essential respiratory organsLUNG
80.3%
A wide separation or 20th century war?GULF
79.4%
Orion and Santa famously have oneBELT
78.1%
To reignRULE
76.5%
Religious sistersNUNS
74.6%
The offspring of donkey and horseMULE
74.5%
A large, learned bookTOME
74.1%
Mr Harris, Australian performer and artistROLF
73.5%
George, Northern Irish soccer playerBEST
71.6%
Wendy's dog in JM Barrie's classic Peter PanNANA
71.1%
British rock group, Jethro ____TULL
68.9%
Blustery conditionGALE
68.8%
Types include bluefin or yellowfinTUNA
67.2%
Colloquial name for grandmothersNANS
67.1%
Baby dolphin, elephant or camelCALF
66.8%
♥ Precedes penny, time and cut ♥♥ HALF ♥
66.4%
Phoenix basketball teamSUNS
66.3%
PurchasesBUYS
65%
A type of learning from memoryROTE
64.9%
Clue Word % Correct
To carry on one's person (e.g. a gun)TOTE
64.3%
A melody which might help you breathe easierTUNE
64.2%
♥ Winnie the Pooh wonders why a bee does this? ♥♥ BUZZ ♥
63.4%
President of North Korea until 1994 - Kim Il _____SUNG
62.2%
Where a shopkeeper sitsTILL
61.8%
How do I love thee, let me count themWAYS
61.3%
A frustrating way to lose at pinballTILT
60.7%
Nose, in GermanNASE
60.3%
♥ A mountain in NZ or a park in Sydney ♥♥ LUNA ♥
60.2%
Pigs, Bengal and Biscay are all types of theseBAYS
59.9%
Where a ship's mainsail hangsMAST
59.7%
MonikerNAME
59.7%
Slang name for the policeFUZZ
58.1%
Mr Yarborough, first NASCAR driver on Sports IllustratedCALE
57.7%
Globally, there have officially been two of themWARS
57.4%
That totally tropical taste!LILT
57%
Definitely not the least!MOST
56.8%
A character from an ancient alphabetRUNE
56.3%
♥ Roman God of war ♥♥ MARS ♥
56.1%
Paul McCartney's ballad, ____ of KintyreMULL
54%
♥ Satiated, plethoric, chockablock ♥♥ FULL ♥
53.5%
Every element has an atomic oneMASS
51.3%
Bob Monkhouse, Holness and Barker's jobHOST
50.1%
A funny film, in an owl's opinionHOOT
49.5%
Anorak covering for the headHOOD
46.3%
Part of a bomb that aids detonation (Alternative sp.)FUZE
46.2%
Nearly there, hope you're in a good one now!MOOD
43.8%
Celebrity and footloose showFAME
42.3%
Furiously seetheFUME
41.9%
♥ Where were you aiming to get? (every 7th clue) ♥♥ MOON! ♥
25.1%
Mozambique's 250km riverBUZI
8.4%
A chinese minority peopleBUYI
8.1%

You're not logged in!

Compare scores with friends on all Sporcle quizzes.
OR
Log In

You Might Also Like...

Show Comments

Extras

Top Quizzes Today


Score Distribution

Your Account Isn't Verified!

In order to create a playlist on Sporcle, you need to verify the email address you used during registration. Go to your Sporcle Settings to finish the process.

Report this User

Report this user for behavior that violates our Community Guidelines.

Details: